000 00966nam a2200265Ia 4500
003 OSt
005 20220923211311.0
006 a|||||r|||| 00| 0
007 ta
008 220922b |||||||| |||| 00| 0 hin d
020 _a9788179756089 (hbk)
_c1200
024 _a317,473
037 _b79, 15/03/2017, Mallika Books
_cTextual
040 _aARTS
_cARTS
_bhin
041 _2hin
_ahin
082 _aO44(Y5927):g(W), 152Q7
100 _aएन. सिंह, संपा.
_9160194
245 0 _aदलित साहित्य और राजनीति
246 _aDalit sāhitya aur rājanīti
260 _aनई दिल्ली
_b अनामिका पलिशर्स
_c2017
300 _a478पृ.
_ccm.
650 _aहिन्दी साहित्य
_9156264
942 _hO44(Y5927):g(W), 152Q7
_cTEXL
_2CC
999 _c298244
_d298244